Kliknij w prawidłową stolicę państw Ameryk - Statystyki

Ogólne statystyki
  • Ten quiz został rozwiązany 28 razy
  • Średni wynik to 27 z 35
Statystyki odpowiedzi
Hint Odpowiedź % Poprawnych
Kolumbia Bogota
100%
Wenezuela Caracas
100%
Brazylia Brasilia
95%
Argentyna Buenos Aires
95%
Kuba Hawana
95%
Peru Lima
95%
Meksyk Meksyk
95%
Urugwaj Montevideo
95%
Kanada Ottawa
95%
Stany Zjednoczone Waszyngton
95%
Paragwaj Asunción
89%
Gwatemala Gwatemala
89%
Panama Panama
89%
Haiti Port-au-Prince
89%
Ekwador Quito
89%
Chile Santiago
89%
Dominikana Santo Domingo
89%
Honduras Tegucigalpa
89%
Belize Belmopan
84%
Kostaryka San Jose
84%
Salwador San Salwador
84%
Boliwia Sucre / La Paz
84%
Gujana Georgetown
79%
Jamajka Kingston
79%
Trynidad i Tobago Port of Spain
79%
Nikaragua Managua
74%
Surinam Paramaribo
74%
Bahamy Nassau
68%
Dominika Roseau
58%
Barbados Bridgetown
47%
Saint Lucia Castries
42%
Grenada Saint George's
42%
Saint Kitts i Nevis Basseterre
37%
Saint Vincent i Grenadyny Kingstown
21%
Antigua i Barbuda Saint John's
16%
Nie znaleziono quizów pasujących do podanych kryteriów
Rozkład punktacji
Procent ludzi z każdym wynikiem
Percentyl według liczby udzielonych odpowiedzi
Twoja historia wyników
Nie rozwiązałeś tego quizu